Personnages de Breaking Bad par images - Statistiques

Statistiques générales
  • Ce quiz a été pris 409 fois
  • Le résultat moyen est 10 sur 16
Statistiques - réponses
Par images Réponse % Correct
Walter White
99%
Jesse Pinkman
97%
Hank Schrader
91%
Saul Goodman
91%
Skyler White
86%
Gustavo Fring
76%
Mike Ehrmantraut
68%
Marie Schrader
63%
Ted Beneke
51%
Walt Jr.
51%
Jane Margolis
49%
Brandon Mayhew
44%
Skinny Pete
37%
Steven Gomez
34%
Lydia Rodarte-Quayle
31%
Tyrus Kitt
13%
Aucun quiz correspondant
Distribution des résultats
% des personnes avec chaque résultat
Percentile par nombre de réponses
Votre historique - résultats
Vous n’avez pas pris ce quiz